[Event "MCRE_CF17"]
[Site "?"]
[Date "2007.??.??"]
[Round "?"]
[White "Struzka, Vlastimil"]
[Black "Mindl, Josef"]
[Result "1/2-1/2"]
[WhiteElo "2111"]
[BlackElo "2109"]
[PlyCount "60"]
[EventDate "2007.??.??"]
[EventType "corr"]
[EventRounds "2"]
[SourceDate "2007.09.24"]

1. d4 d5 2. c4 e6 3. Nf3 c5 4. cxd5 exd5 5. Nc3 Nc6 6. dxc5 d4 7. Na4 Bxc5 8.
Nxc5 Qa5+ 9. Qd2 Qxc5 10. a3 Nge7 11. b4 Qb6 12. e3 dxe3 13. Qxe3 O-O 14. b5
Qxe3+ 15. Bxe3 Na5 16. Rd1 Be6 17. Bd3 Rfd8 18. O-O Bb3 19. Rd2 Nc4 20. Bxc4
Bxc4 21. Rxd8+ Rxd8 22. Re1 Bxb5 23. Bxa7 Nd5 24. h4 f6 25. Rb1 Ba6 26. a4 Ra8
27. Bc5 Rc8 28. Ba7 Nf4 29. a5 Nd3 30. Kh2 Rc4 1/2-1/2

[Event "MCRE_CF17"]
[Site "?"]
[Date "2007.??.??"]
[Round "?"]
[White "Cerveny, Libor"]
[Black "Mindl, Josef"]
[Result "1/2-1/2"]
[WhiteElo "2005"]
[BlackElo "2109"]
[PlyCount "56"]
[EventDate "2007.??.??"]
[EventType "corr"]
[EventRounds "2"]
[SourceDate "2007.09.24"]

1. e4 e6 2. d4 d5 3. Nd2 Nf6 4. e5 Nfd7 5. Bd3 c5 6. c3 Nc6 7. Ne2 cxd4 8. cxd4
f6 9. exf6 Nxf6 10. Nf3 Bd6 11. O-O O-O 12. Bf4 Bxf4 13. Nxf4 Ne4 14. Ne2 Rxf3
15. gxf3 Ng5 16. Kh1 e5 17. dxe5 Nxf3 18. Bxh7+ Kh8 19. Ng1 Ncd4 20. Bd3 Bg4
21. Qc1 Qf8 22. Qe3 Re8 23. Nxf3 Nxf3 24. Rg1 Rxe5 25. Rxg4 Rxe3 26. fxe3 Qd6
27. Rg3 Ne5 28. Bf1 g6 1/2-1/2

[Event "MCRE_CF17"]
[Site "?"]
[Date "2007.??.??"]
[Round "?"]
[White "Mindl, Josef"]
[Black "Cerveny, Libor"]
[Result "1-0"]
[WhiteElo "2109"]
[BlackElo "2005"]
[PlyCount "65"]
[EventDate "2007.??.??"]
[EventType "corr"]
[EventRounds "2"]
[SourceDate "2007.09.24"]

1. e4 c6 2. d4 d5 3. e5 Bf5 4. Nc3 e6 5. g4 Bg6 6. Nge2 c5 7. h4 h6 8. Be3 Qb6
9. f4 Nc6 10. f5 Bh7 11. Qd2 O-O-O 12. O-O-O Kb8 13. Bh3 Na5 14. dxc5 Bxc5 15.
Bxc5 Qxc5 16. Qd4 Qe7 17. Qf2 Nc6 18. Rhe1 Qb4 19. a3 Qa5 20. fxe6 fxe6 21. Nf4
Rf8 22. Qg3 Re8 23. Nxe6 Rxe6 24. g5 d4 25. Bxe6 dxc3 26. g6 Nge7 27. gxh7
cxb2+ 28. Kxb2 Rxh7 29. Rd7 Qb6+ 30. Bb3 g6 31. e6+ Ka8 32. Qd6 a5 33. Rf1 1-0

[Event "MCRE_CF17"]
[Site "?"]
[Date "2007.??.??"]
[Round "?"]
[White "Mindl, Josef"]
[Black "Svoboda, Frantisek"]
[Result "1-0"]
[WhiteElo "2109"]
[BlackElo "2053"]
[PlyCount "45"]
[EventDate "2007.??.??"]
[EventType "corr"]
[EventRounds "2"]
[SourceDate "2007.09.24"]

1. e4 c5 2. Nf3 e6 3. d4 cxd4 4. Nxd4 Nf6 5. Nc3 d6 6. Be3 Be7 7. f3 Nc6 8. Qd2
a6 9. O-O-O Qc7 10. g4 Rb8 11. g5 Nd7 12. h4 b5 13. Nxc6 Qxc6 14. h5 b4 15. Ne2
Ne5 16. Nd4 Qc7 17. Kb1 Bb7 18. Rg1 Nc4 19. Bxc4 Qxc4 20. g6 Bf6 21. gxf7+ Kxf7
22. Nb3 Ba8 23. Bg5 1-0

[Event "MCRE_CF17"]
[Site "?"]
[Date "2007.??.??"]
[Round "?"]
[White "Svoboda, Frantisek"]
[Black "Mindl, Josef"]
[Result "0-1"]
[WhiteElo "2053"]
[BlackElo "2109"]
[PlyCount "44"]
[EventDate "2007.??.??"]
[EventType "corr"]
[EventRounds "2"]
[SourceDate "2007.09.24"]

1. d4 Nf6 2. c4 g6 3. Nc3 d5 4. cxd5 Nxd5 5. e4 Nxc3 6. bxc3 Bg7 7. Nf3 c5 8.
Bb5+ Nc6 9. Qa4 Bd7 10. e5 O-O 11. O-O a6 12. Bxc6 Bxc6 13. Qd1 cxd4 14. cxd4
Rc8 15. Re1 Bd5 16. a4 Qd7 17. Ba3 b6 18. Qd3 a5 19. Rab1 Rc6 20. Ng5 Rfc8 21.
Ne4 f5 22. Nc3 Rxc3 0-1

[Event "MCRE_CF17"]
[Site "?"]
[Date "2007.??.??"]
[Round "?"]
[White "Cerveny, Libor"]
[Black "Struzka, Vlastimil"]
[Result "1/2-1/2"]
[WhiteElo "2005"]
[BlackElo "2111"]
[PlyCount "121"]
[EventDate "2007.??.??"]
[EventType "corr"]
[EventRounds "2"]
[SourceDate "2007.09.24"]

1. e4 e5 2. Nf3 Nc6 3. Bc4 Bc5 4. d3 Nf6 5. c3 d6 6. O-O O-O 7. b4 Bb6 8. Bg5
h6 9. Bh4 Ne7 10. Bxf6 gxf6 11. Nh4 c6 12. Bb3 d5 13. Qf3 f5 14. Qh5 Qd6 15.
exf5 Qf6 16. Nd2 Nxf5 17. Nhf3 Re8 18. Rae1 Bd8 19. Qh3 Bc7 20. Qh5 a5 21. a3
Bd6 22. Kh1 Be6 23. Ng1 Kh7 24. Qd1 Nh4 25. f4 exf4 26. d4 Qg6 27. Rf2 Bg4 28.
Ndf3 Nxf3 29. Nxf3 Re3 30. Bc2 f5 31. Bd3 axb4 32. axb4 Rg8 33. Qc2 Rxe1+ 34.
Nxe1 Re8 35. Qd2 Qh5 36. b5 Re3 37. bxc6 bxc6 38. Kg1 Qh4 39. Nf3 Qe7 40. Rf1
c5 41. dxc5 Bxc5 42. Kh1 Qe6 43. Qc2 Kg6 44. c4 d4 45. Ng1 Kg7 46. Rxf4 Qe5 47.
Rf2 Bd6 48. Nf3 Bxf3 49. gxf3 Kf7 50. Re2 Kf6 51. Qb2 h5 52. h3 h4 53. Rxe3
dxe3 54. Qxe5+ Kxe5 55. Kg2 Kd4 56. Be2 Bc5 57. Kf1 Bb4 58. c5 Bxc5 59. Ba6 Bd6
60. Ke2 f4 61. Bd3 1/2-1/2

[Event "MCRE_CF17"]
[Site "?"]
[Date "2007.??.??"]
[Round "?"]
[White "Struzka, Vlastimil"]
[Black "Cerveny, Libor"]
[Result "1-0"]
[WhiteElo "2111"]
[BlackElo "2005"]
[PlyCount "113"]
[EventDate "2007.??.??"]
[EventType "corr"]
[EventRounds "2"]
[SourceDate "2007.09.24"]

1. d4 d5 2. Nf3 Nf6 3. e3 e6 4. Bd3 c5 5. O-O Nc6 6. b3 Bd6 7. dxc5 Bxc5 8. Bb2
O-O 9. Nbd2 Qe7 10. c4 Ba3 11. Bxa3 Qxa3 12. Qe2 Qe7 13. Bc2 Rd8 14. e4 dxe4
15. Nxe4 e5 16. Nxf6+ Qxf6 17. Be4 Bg4 18. Qe3 Bxf3 19. Bxf3 Rd7 20. Rae1 Re7
21. Bd5 a5 22. Qe4 a4 23. Re3 axb3 24. Rxb3 Nd8 25. Bxb7 Nxb7 26. Rxb7 Ree8 27.
c5 Rxa2 28. c6 Raa8 29. c7 Qd6 30. Qc2 e4 31. Rd1 Qe5 32. h3 Rac8 33. Rd7 h6
34. Qb3 Qa1+ 35. Qd1 Qf6 36. Qd5 Qa1+ 37. Kh2 Qf6 38. Qc5 Qf4+ 39. Kg1 Kh7 40.
Qc4 Ra8 41. Rb1 f5 42. Rbd1 Qg5 43. Qd4 e3 44. fxe3 Ra2 45. Rd2 Ra3 46. Rd8
Rexe3 47. Rh8+ Kxh8 48. Qd8+ Re8 49. Qxe8+ Kh7 50. Rd1 Rc3 51. c8=Q Rxc8 52.
Qxc8 Qe3+ 53. Kh1 Qe4 54. Qb8 Qc2 55. Rd8 Qc3 56. Kh2 Qf6 57. g4 1-0

[Event "MCRE_CF17"]
[Site "?"]
[Date "2007.??.??"]
[Round "?"]
[White "Mindl, Josef"]
[Black "Struzka, Vlastimil"]
[Result "1/2-1/2"]
[WhiteElo "2109"]
[BlackElo "2111"]
[PlyCount "113"]
[EventDate "2007.??.??"]
[EventType "corr"]
[EventRounds "2"]
[SourceDate "2007.09.24"]

1. e4 e5 2. Nf3 Nc6 3. Bb5 a6 4. Ba4 Nge7 5. O-O Ng6 6. c3 Be7 7. d4 O-O 8. Re1
d6 9. Be3 f5 10. exf5 Bxf5 11. d5 Nb8 12. Bc2 Nd7 13. Nbd2 Nf4 14. Bxf5 Rxf5
15. Ne4 Rb8 16. g3 Ng6 17. Nfd2 Qc8 18. c4 Nf6 19. Rc1 Nxe4 20. Nxe4 Rf7 21. c5
Qf5 22. cxd6 cxd6 23. Bb6 Rc8 24. Rxc8+ Qxc8 25. Re3 Rf8 26. Rc3 Qf5 27. f3 Rc8
28. Kg2 Qd7 29. Qb3 h5 30. Rxc8+ Qxc8 31. h4 Qd7 32. Qc4 Kh7 33. a4 Nh8 34. Qc7
Qxc7 35. Bxc7 Nf7 36. Kh3 g6 37. b4 Kg8 38. g4 Kg7 39. b5 Bf8 40. Ng3 axb5 41.
axb5 Nh6 42. Bd8 Kf7 43. Bg5 hxg4+ 44. fxg4 Ng8 45. Ne4 Be7 46. Bxe7 Kxe7 47.
g5 Kd7 48. h5 gxh5 49. g6 Ke7 50. Kh4 Kf8 51. Kxh5 Kg7 52. Nxd6 Nf6+ 53. Kg5
Nxd5 54. Nxb7 Nc7 55. Nd6 Ne6+ 56. Kh5 Nf4+ 57. Kg4 1/2-1/2

[Event "MCRE_CF17"]
[Site "?"]
[Date "2007.??.??"]
[Round "?"]
[White "Mindl, Josef"]
[Black "Tyrlik, Jaroslav"]
[Result "1/2-1/2"]
[WhiteElo "2109"]
[BlackElo "287"]
[PlyCount "66"]
[EventDate "2007.??.??"]
[EventType "corr"]
[EventRounds "2"]
[SourceDate "2007.09.24"]

1. d4 d5 2. c4 e6 3. Nc3 Nf6 4. Nf3 c6 5. e3 Nbd7 6. Bd3 dxc4 7. Bxc4 Bd6 8.
O-O O-O 9. e4 e5 10. Be3 Qe7 11. Bb3 exd4 12. Bxd4 Ng4 13. h3 Nge5 14. Nxe5
Bxe5 15. Bxe5 Nxe5 16. f4 Ng6 17. Qc2 Be6 18. Bxe6 fxe6 19. g3 Rad8 20. e5 Qc5+
21. Qf2 Qb4 22. Rae1 Rd3 23. Re4 Qa5 24. Re3 Rd4 25. Rfe1 a6 26. Re4 Rxe4 27.
Rxe4 h5 28. h4 Ne7 29. Rd4 Rd8 30. b4 Qc7 31. Ne4 Nf5 32. Rd2 Rd5 33. Kg2 Qd8
1/2-1/2

[Event "MCRE_CF17"]
[Site "?"]
[Date "2007.??.??"]
[Round "?"]
[White "Cerveny, Libor"]
[Black "Svoboda, Frantisek"]
[Result "1/2-1/2"]
[WhiteElo "2005"]
[BlackElo "2053"]
[PlyCount "106"]
[EventDate "2007.??.??"]
[EventType "corr"]
[EventRounds "2"]
[SourceDate "2007.09.24"]

1. e4 c5 2. Nf3 e6 3. d4 cxd4 4. Nxd4 Nf6 5. Nc3 d6 6. Be3 Nc6 7. Be2 Be7 8.
O-O O-O 9. f4 a6 10. Qe1 Nxd4 11. Bxd4 b5 12. a3 Bb7 13. Qg3 g6 14. Bd3 Rc8 15.
Rad1 Rxc3 16. Bxc3 Nxe4 17. Bxe4 Bxe4 18. Qf2 d5 19. Bb4 a5 20. Bxe7 Qxe7 21.
c3 Rc8 22. Qb6 Qc5+ 23. Qxc5 Rxc5 24. g4 Kg7 25. g5 h6 26. h4 Rc8 27. Kf2 hxg5
28. hxg5 b4 29. cxb4 axb4 30. Rd2 bxa3 31. bxa3 Rc3 32. Ra2 Rh3 33. Raa1 d4 34.
a4 Rh2+ 35. Kg3 Rg2+ 36. Kh3 Rb2 37. Rfd1 Rb3+ 38. Kh2 Rb2+ 39. Kg1 Rg2+ 40.
Kf1 Rh2 41. Rxd4 Rh1+ 42. Ke2 Rxa1 43. Rxe4 Kf8 44. Kd3 Ke7 45. Kc3 Kd6 46. Kb2
Rf1 47. a5 Kc6 48. Rb4 Rf2+ 49. Kb3 Rf1 50. a6 Rb1+ 51. Kc4 Ra1 52. Rb7 Rxa6
53. Rxf7 Kd6 1/2-1/2

[Event "MCRE_CF17"]
[Site "?"]
[Date "2007.??.??"]
[Round "?"]
[White "Svoboda, Frantisek"]
[Black "Cerveny, Libor"]
[Result "1-0"]
[WhiteElo "2053"]
[BlackElo "2005"]
[PlyCount "99"]
[EventDate "2007.??.??"]
[EventType "corr"]
[EventRounds "2"]
[SourceDate "2007.09.24"]

1. e4 c6 2. d4 d5 3. exd5 cxd5 4. c3 Nc6 5. Nf3 Nf6 6. Bf4 e6 7. Bd3 Bd6 8.
Bxd6 Qxd6 9. O-O Bd7 10. Re1 Qf4 11. Nbd2 O-O 12. h3 Rfd8 13. Ne5 a6 14. Re3 b5
15. Nb3 Nxe5 16. dxe5 Ne4 17. Qe2 Qxe5 18. f3 f5 19. fxe4 fxe4 20. Qd2 Qc7 21.
Be2 Rf8 22. Qd4 Rac8 23. Rc1 a5 24. Nd2 Rf6 25. Rd1 Be8 26. Nf1 Rb8 27. Nh2 Bf7
28. Ng4 Rf5 29. Qd2 h5 30. Nf2 b4 31. c4 Rf8 32. Nh1 h4 33. Nf2 Qc5 34. Ng4 Rc8
35. Qd4 Qc7 36. a3 Rb8 37. axb4 Rxb4 38. Ra3 Bh5 39. b3 Kh7 40. Rda1 Qb8 41.
Rxa5 Rxb3 42. Rb5 Rxb5 43. cxb5 Qd6 44. b6 e3 45. Qb2 Bxg4 46. Bxg4 Rf8 47. b7
Rb8 48. Rc1 e2 49. Rc8 g6 50. Bf3 1-0

[Event "MCRE_CF17"]
[Site "?"]
[Date "2007.??.??"]
[Round "?"]
[White "Koci, Vladimir"]
[Black "Mindl, Josef"]
[Result "1/2-1/2"]
[WhiteElo "2098"]
[BlackElo "2109"]
[PlyCount "50"]
[EventDate "2007.??.??"]
[EventType "corr"]
[EventRounds "2"]
[SourceDate "2007.09.24"]

1. d4 Nf6 2. Nf3 g6 3. c4 Bg7 4. Nc3 d5 5. cxd5 Nxd5 6. e4 Nxc3 7. bxc3 c5 8.
Bb5+ Nc6 9. O-O cxd4 10. cxd4 O-O 11. Be3 Bg4 12. Bxc6 bxc6 13. Rc1 Qa5 14. h3
Bxf3 15. Qxf3 Qxa2 16. Rxc6 a5 17. Rc7 e6 18. Re1 a4 19. Bf4 Qb3 20. Qxb3 axb3
21. Rb7 Bxd4 22. Rxb3 Ra2 23. Be3 Bxe3 24. Rexe3 Rd8 25. e5 h5 1/2-1/2

[Event "MCRE_CF17"]
[Site "?"]
[Date "2007.??.??"]
[Round "?"]
[White "Mindl, Josef"]
[Black "Koci, Vladimir"]
[Result "1-0"]
[WhiteElo "2109"]
[BlackElo "2098"]
[PlyCount "49"]
[EventDate "2007.??.??"]
[EventType "corr"]
[EventRounds "2"]
[SourceDate "2007.09.24"]

1. e4 c5 2. Nf3 d6 3. d4 cxd4 4. Nxd4 Nf6 5. Nc3 g6 6. Be3 Bg7 7. f3 O-O 8. Qd2
Nc6 9. O-O-O Qa5 10. Kb1 Bd7 11. Nb3 Qc7 12. g4 Rfc8 13. h4 Ne5 14. Nd4 b5 15.
h5 b4 16. Nd5 Nxd5 17. exd5 Nc4 18. Bxc4 Qxc4 19. hxg6 fxg6 20. Qh2 h6 21. b3
Qxd5 22. Nf5 Qe6 23. Nxh6+ Kf8 24. Bd4 Bxd4 25. Rxd4 1-0

[Event "MCRE_CF17"]
[Site "?"]
[Date "2007.??.??"]
[Round "?"]
[White "Tyrlik, Jaroslav"]
[Black "Struzka, Vlastimil"]
[Result "0-1"]
[WhiteElo "2087"]
[BlackElo "2111"]
[PlyCount "90"]
[EventDate "2007.??.??"]
[EventType "corr"]
[EventRounds "2"]
[SourceDate "2007.09.24"]

1. e4 e5 2. Nf3 Nc6 3. Bc4 Bc5 4. O-O Nf6 5. d3 d6 6. c3 O-O 7. b4 Bb6 8. a4 a5
9. b5 Ne7 10. Bg5 Ng6 11. Nbd2 h6 12. Be3 c6 13. Bxb6 Qxb6 14. Rb1 Qc7 15. b6
Qe7 16. Re1 Nf4 17. d4 Nh7 18. g3 Nh3+ 19. Kg2 Rd8 20. Qc2 Re8 21. Rbd1 Bg4 22.
Be2 Qe6 23. Qb3 Qf6 24. Qb1 h5 25. Qc2 Rad8 26. Rf1 exd4 27. Nxd4 N3g5 28. Rfe1
Bh3+ 29. Kg1 d5 30. Bxh5 Qh6 31. Bf3 c5 32. Nf5 Nxf3+ 33. Nxf3 Qh5 34. N3h4 g5
35. f3 gxh4 36. g4 Qg5 37. exd5 Qf4 38. Ne7+ Rxe7 39. Rxe7 Qxf3 40. Qe2 Qxe2
41. Rxe2 Ng5 42. Re3 Bxg4 43. Rdd3 c4 44. Rd4 Nf3+ 45. Rxf3 Bxf3 0-1

[Event "MCRE_CF17"]
[Site "?"]
[Date "2007.??.??"]
[Round "?"]
[White "Tunega, Frantisek"]
[Black "Mindl, Josef"]
[Result "1/2-1/2"]
[WhiteElo "1800"]
[BlackElo "2109"]
[PlyCount "43"]
[EventDate "2007.??.??"]
[EventType "corr"]
[EventRounds "2"]
[SourceDate "2007.09.24"]

1. e4 e5 2. Nf3 Nc6 3. c3 d5 4. Qa4 f6 5. Bb5 Nge7 6. exd5 Qxd5 7. d4 Bg4 8. c4
Qe4+ 9. Be3 Bxf3 10. Nd2 Qg6 11. gxf3 exd4 12. Bxd4 a6 13. O-O-O O-O-O 14. Nb3
Nb8 15. Be3 Rxd1+ 16. Rxd1 axb5 17. Qa8 b6 18. cxb5 Qf7 19. Kb1 Qc4 20. Bxb6
Qxb5 21. Rd8+ Kxd8 22. Qxb8+ 1/2-1/2

[Event "MCRE_CF17"]
[Site "?"]
[Date "2007.??.??"]
[Round "?"]
[White "Mindl, Josef"]
[Black "Tunega, Frantisek"]
[Result "1/2-1/2"]
[WhiteElo "2109"]
[BlackElo "1800"]
[PlyCount "50"]
[EventDate "2007.??.??"]
[EventType "corr"]
[EventRounds "2"]
[SourceDate "2007.09.24"]

1. e4 c5 2. Nf3 Nc6 3. d4 cxd4 4. Nxd4 Nf6 5. Nc3 e5 6. Nf5 d5 7. exd5 Bxf5 8.
dxc6 bxc6 9. Qf3 Qd7 10. Bg5 e4 11. Qe2 Be7 12. Bxf6 Bxf6 13. Nxe4 O-O 14.
Nxf6+ gxf6 15. Qc4 Rfe8+ 16. Be2 Re4 17. Rd1 Rxc4 18. Rxd7 Rb4 19. Rc7 Rxb2 20.
O-O Be6 21. a4 Rxc2 22. Bf3 a5 23. Rxc6 Rc8 24. Rxc8+ Rxc8 25. Be2 Rc2 1/2-1/2

[Event "MCRE_CF17"]
[Site "?"]
[Date "2007.??.??"]
[Round "?"]
[White "Cerveny, Libor"]
[Black "Koci, Vladimir"]
[Result "1/2-1/2"]
[WhiteElo "2005"]
[BlackElo "2098"]
[PlyCount "82"]
[EventDate "2007.??.??"]
[EventType "corr"]
[EventRounds "2"]
[SourceDate "2007.09.24"]

1. e4 c5 2. Nf3 d6 3. d4 cxd4 4. Nxd4 Nf6 5. Nc3 g6 6. Be3 Bg7 7. f3 O-O 8. Qd2
Nc6 9. Bc4 Na5 10. Bd3 Bd7 11. O-O Rc8 12. Rad1 Nc4 13. Bxc4 Rxc4 14. Nde2 b5
15. a3 a5 16. Bd4 b4 17. axb4 axb4 18. Nd5 Nxd5 19. Bxg7 Kxg7 20. exd5 Qc7 21.
c3 Qb6+ 22. Kh1 bxc3 23. bxc3 Rfc8 24. Rb1 Qc5 25. Ng3 Qc7 26. Rfe1 e5 27. dxe6
Bxe6 28. Ne2 d5 29. Nd4 Bd7 30. Ne2 Qd6 31. Rbd1 R8c5 32. Ra1 Qf6 33. Reb1 h5
34. Ra7 Bc8 35. Ra3 h4 36. Nd4 h3 37. g3 Qe7 38. Rba1 Rc7 39. g4 Qh4 40. Re1
Re7 41. Rg1 Qf6 1/2-1/2

[Event "MCRE_CF17"]
[Site "?"]
[Date "2007.??.??"]
[Round "?"]
[White "Koci, Vladimir"]
[Black "Tyrlik, Jaroslav"]
[Result "0-1"]
[WhiteElo "2098"]
[BlackElo "2087"]
[PlyCount "54"]
[EventDate "2007.??.??"]
[EventType "corr"]
[EventRounds "2"]
[SourceDate "2007.09.24"]

1. d4 d5 2. Nf3 Nf6 3. Bg5 Ne4 4. Bf4 c5 5. dxc5 Nc6 6. e3 f6 7. Nfd2 Nxc5 8.
e4 Nxe4 9. Nxe4 dxe4 10. Qxd8+ Nxd8 11. Nd2 e5 12. Bb5+ Bd7 13. Bxd7+ Kxd7 14.
Be3 f5 15. O-O-O Ke6 16. Nb3 Nc6 17. g4 f4 18. Bc5 Na5 19. Bxf8 Nxb3+ 20. axb3
Raxf8 21. Rhe1 e3 22. fxe3 f3 23. Rd2 h5 24. h3 hxg4 25. hxg4 Kf6 26. Rd5 Rh2
27. Rf1 Kg5 0-1

[Event "MCRE_CF17"]
[Site "?"]
[Date "2007.??.??"]
[Round "?"]
[White "Tyrlik, Jaroslav"]
[Black "Koci, Vladimir"]
[Result "1/2-1/2"]
[WhiteElo "2087"]
[BlackElo "2098"]
[PlyCount "56"]
[EventDate "2007.??.??"]
[EventType "corr"]
[EventRounds "2"]
[SourceDate "2007.09.24"]

1. e4 c5 2. Nf3 d6 3. Nc3 Bg4 4. d4 cxd4 5. Bb5+ Nd7 6. Qxd4 a6 7. Be2 Ngf6 8.
O-O g6 9. h3 Bxf3 10. Bxf3 Ne5 11. Be2 Nc6 12. Qe3 Bg7 13. Nd5 Nd7 14. Rd1 O-O
15. c3 e6 16. Nf4 Qc7 17. Qd2 Be5 18. Nd3 Bf6 19. Ne1 Nc5 20. Qxd6 Qxd6 21.
Rxd6 Nxe4 22. Rd7 Nc5 23. Rd1 Rfd8 24. Be3 Na4 25. Rab1 Ne7 26. Bf3 Nf5 27. Bf4
e5 28. Bh2 Nd6 1/2-1/2

[Event "MCRE_CF17"]
[Site "?"]
[Date "2007.??.??"]
[Round "?"]
[White "Koci, Vladimir"]
[Black "Struzka, Vlastimil"]
[Result "1/2-1/2"]
[WhiteElo "2098"]
[BlackElo "2111"]
[PlyCount "77"]
[EventDate "2007.??.??"]
[EventType "corr"]
[EventRounds "2"]
[SourceDate "2007.09.24"]

1. d4 d5 2. Nf3 Nf6 3. e3 Nc6 4. Bb5 e6 5. O-O Bd6 6. c4 O-O 7. Bxc6 bxc6 8. c5
Be7 9. Ne5 Bb7 10. Nd2 Nd7 11. Ndf3 Nxe5 12. Nxe5 f6 13. Nd3 e5 14. f3 a5 15.
b3 Ba6 16. Re1 a4 17. Bb2 Bb5 18. dxe5 fxe5 19. Bxe5 Bh4 20. Nf2 Qg5 21. Bxc7
axb3 22. Bf4 Qg6 23. Qxb3 Bc4 24. Qb7 Ra4 25. Bd6 Rfa8 26. a3 Bb5 27. Qd7 Bf6
28. Rab1 Rxa3 29. e4 Rxf3 30. Qg4 Qxg4 31. Nxg4 Bd4+ 32. Kh1 Rd3 33. exd5 Bc3
34. Re7 Rxd5 35. h3 h5 36. Ne3 Rd2 37. Be5 Bxe5 38. Rxe5 g6 39. Rb4 1/2-1/2

[Event "MCRE_CF17"]
[Site "?"]
[Date "2007.??.??"]
[Round "?"]
[White "Struzka, Vlastimil"]
[Black "Svoboda, Frantisek"]
[Result "1-0"]
[WhiteElo "2111"]
[BlackElo "2053"]
[PlyCount "103"]
[EventDate "2007.??.??"]
[EventType "corr"]
[EventRounds "2"]
[SourceDate "2007.09.24"]

1. d4 d5 2. c4 Nc6 3. cxd5 Qxd5 4. Nf3 e5 5. Nc3 Bb4 6. e3 Bg4 7. Be2 Nf6 8.
O-O Bxc3 9. bxc3 e4 10. Nd2 Bxe2 11. Qxe2 O-O 12. c4 Qd6 13. a4 Rfe8 14. a5
Rab8 15. Ba3 Qd7 16. Bb2 Qd6 17. Rfb1 h6 18. h3 Ne7 19. d5 Nf5 20. Nb3 c6 21.
Nd4 Nxd4 22. Bxd4 cxd5 23. Bxa7 Ra8 24. Bd4 dxc4 25. Rxb7 Qd5 26. Qb2 Ra6 27.
Rb5 Qa8 28. Bc3 Qc6 29. Rd1 Kh7 30. Rb7 Kg6 31. h4 Rea8 32. h5+ Kxh5 33. Rxf7
Rg8 34. Qa3 Kg6 35. Qe7 Qe8 36. Qxe8 Rxe8 37. Rc7 Rb8 38. Rxc4 Rb5 39. Rd8 Nd5
40. Bd2 Nf6 41. f3 Rb2 42. Bc3 Rb1+ 43. Kf2 Rc1 44. Rc5 Re6 45. f4 Ra6 46. Kg3
Rxc3 47. Rxc3 Rxa5 48. Rd6 Kh7 49. Rb3 h5 50. Rdb6 Ra1 51. R6b5 Rd1 52. Rg5 1-0

[Event "MCRE_CF17"]
[Site "?"]
[Date "2007.??.??"]
[Round "?"]
[White "Svoboda, Frantisek"]
[Black "Tunega, Frantisek"]
[Result "1-0"]
[WhiteElo "2053"]
[BlackElo "1800"]
[PlyCount "79"]
[EventDate "2007.??.??"]
[EventType "corr"]
[EventRounds "2"]
[SourceDate "2007.09.24"]

1. e4 c5 2. Nf3 Nc6 3. d4 cxd4 4. Nxd4 Nf6 5. Nc3 e5 6. Ndb5 d6 7. Bg5 a6 8.
Na3 b5 9. Bxf6 gxf6 10. Nd5 f5 11. c3 Bg7 12. exf5 Bxf5 13. Nc2 O-O 14. Nce3
Be6 15. Bd3 f5 16. O-O Ra7 17. a4 b4 18. Qh5 e4 19. Nf4 exd3 20. Nxe6 Qe8 21.
Qxe8 Rxe8 22. Nxg7 Rxg7 23. Nxf5 Rg5 24. Ne3 bxc3 25. bxc3 Rc5 26. Rad1 Ne5 27.
f4 Nc4 28. Nxc4 Rxc4 29. Rxd3 Rxa4 30. Rxd6 Ra2 31. Rb1 a5 32. h3 Re7 33. Rb8+
Kg7 34. h4 Ra4 35. h5 Rxf4 36. h6+ Kf7 37. Rh8 Rf6 38. Rxh7+ Kg8 39. Rxe7 Rxd6
40. Ra7 1-0

[Event "MCRE_CF17"]
[Site "?"]
[Date "2007.??.??"]
[Round "?"]
[White "Svoboda, Frantisek"]
[Black "Struzka, Vlastimil"]
[Result "1-0"]
[WhiteElo "2053"]
[BlackElo "2111"]
[PlyCount "163"]
[EventDate "2007.??.??"]
[EventType "corr"]
[EventRounds "2"]
[SourceDate "2007.09.24"]

1. d4 Nf6 2. c4 e6 3. Nc3 d5 4. Bg5 c6 5. e3 Qa5 6. Bxf6 gxf6 7. cxd5 cxd5 8.
Bd3 Nc6 9. Nge2 f5 10. Rc1 Bd7 11. O-O Rg8 12. a3 Qd8 13. Rc2 Qh4 14. Kh1 Qg4
15. Ng3 Qxd1 16. Rxd1 Bd6 17. Rdc1 Rg6 18. Nf1 a6 19. Nd2 Ke7 20. Nb3 Nd8 21.
g3 Rb8 22. Kg1 f6 23. Ne2 Ba4 24. Rc3 Bxb3 25. Rxb3 Nc6 26. Nc3 Rgg8 27. Na4 h6
28. Kf1 Rgc8 29. Nb6 Rc7 30. Rbc3 Kd8 31. Ke2 Na7 32. Rxc7 Bxc7 33. Nxd5 exd5
34. Rc5 f4 35. Rxd5+ Ke7 36. gxf4 Rh8 37. Rc5 Bd6 38. Rc1 Re8 39. Kf3 Rg8 40.
Be4 b6 41. a4 b5 42. Ra1 b4 43. Rc1 Kd8 44. h3 Rg7 45. Bf5 a5 46. Bg4 Rf7 47.
Ke4 Ke7 48. d5 Rg7 49. b3 Kf7 50. Rc4 Kg6 51. Bf5+ Kf7 52. Be6+ Kf8 53. Bg4
Re7+ 54. Kf3 Rf7 55. Bf5 h5 56. Ke2 Rg7 57. Re4 Re7 58. Rxe7 Kxe7 59. Kf3 Bc7
60. Kg3 Kd6 61. Be6 Nc6 62. dxc6 Kxe6 63. Kh4 f5 64. Kg5 Bb6 65. Kxh5 Kf6 66.
f3 Bc7 67. Kh4 Bd6 68. Kg3 Ke7 69. e4 Kd8 70. h4 Kc7 71. h5 Kxc6 72. h6 Bf8 73.
h7 Bg7 74. e5 Kd7 75. Kh4 Ke7 76. Kg5 Ke6 77. Kg6 Bh8 78. Kh6 Kf7 79. Kg5 Ke6
80. Kg6 Ke7 81. Kxf5 Kf7 82. Ke4 1-0

[Event "MCRE_CF17"]
[Site "?"]
[Date "2007.??.??"]
[Round "?"]
[White "Koci, Vladimir"]
[Black "Cerveny, Libor"]
[Result "0-1"]
[WhiteElo "2098"]
[BlackElo "2005"]
[PlyCount "80"]
[EventDate "2007.??.??"]
[EventType "corr"]
[EventRounds "2"]
[SourceDate "2007.09.24"]

1. d4 d5 2. Nf3 Nf6 3. Bg5 e6 4. c4 Be7 5. Nc3 h6 6. Bh4 O-O 7. e3 b6 8. cxd5
Nxd5 9. Bxe7 Qxe7 10. Bd3 Bb7 11. Rc1 Nxc3 12. Rxc3 Na6 13. O-O c5 14. Bb1 Rfd8
15. Qe2 Qf6 16. dxc5 Nxc5 17. Rfc1 a5 18. Nd4 e5 19. Nf5 Rd7 20. a3 Rad8 21. b4
axb4 22. axb4 Rd2 23. Qe1 Qg5 24. Ng3 Qg4 25. Rc4 Qxc4 26. Rxc4 Rd1 27. Rc1
Rxe1+ 28. Rxe1 Na6 29. Be4 Bxe4 30. Nxe4 Nxb4 31. Rb1 Nd5 32. Rd1 Rd7 33. f3 f5
34. Nc3 Nf6 35. Rb1 Rd3 36. Na4 Rxe3 37. Nxb6 e4 38. Nc4 Rd3 39. fxe4 Nxe4 40.
Rf1 Rd4 0-1

[Event "MCRE_CF17"]
[Site "?"]
[Date "2007.??.??"]
[Round "?"]
[White "Struzka, Vlastimil"]
[Black "Koci, Vladimir"]
[Result "1-0"]
[WhiteElo "2111"]
[BlackElo "2098"]
[PlyCount "77"]
[EventDate "2007.??.??"]
[EventType "corr"]
[EventRounds "2"]
[SourceDate "2007.09.24"]

1. d4 Nf6 2. c4 e6 3. Nf3 b6 4. Bg5 Be7 5. e3 Bb7 6. Nc3 Ne4 7. Nxe4 Bxe4 8.
Bxe7 Qxe7 9. Bd3 Bxf3 10. gxf3 O-O 11. f4 f5 12. Rg1 Nc6 13. Qd2 a6 14. Rg5 b5
15. cxb5 axb5 16. Bxb5 Nb4 17. a3 Rfb8 18. Bc4 c6 19. Ke2 Nd5 20. Qc2 Nf6 21.
Rag1 g6 22. f3 Kg7 23. Qc3 Nd5 24. Qd2 d6 25. Ke1 Ra4 26. Ba2 e5 27. fxe5 dxe5
28. Rxf5 exd4 29. e4 Qh4+ 30. Rg3 Ne3 31. Rf7+ Kh6 32. Rd7 c5 33. Qe2 Ra5 34.
f4 Re8 35. Qf2 Ng4 36. Qf3 Ne3 37. e5 Re7 38. Rxe7 Qxe7 39. Qc6 1-0

[Event "MCRE_CF17"]
[Site "?"]
[Date "2007.??.??"]
[Round "?"]
[White "Koci, Vladimir"]
[Black "Tunega, Frantisek"]
[Result "0-1"]
[WhiteElo "2098"]
[BlackElo "1800"]
[PlyCount "54"]
[EventDate "2007.??.??"]
[EventType "corr"]
[EventRounds "2"]
[SourceDate "2007.09.24"]

1. d4 Nf6 2. Nf3 d6 3. Nc3 g6 4. e4 Bg7 5. Bd3 O-O 6. O-O Bg4 7. h3 Bxf3 8.
Qxf3 Nc6 9. Ne2 e5 10. d5 Ne7 11. c4 Nd7 12. b4 a5 13. b5 f5 14. Bc2 fxe4 15.
Qxe4 Nf5 16. Rb1 Nc5 17. Qg4 Nd4 18. Nxd4 exd4 19. Bg5 Qd7 20. b6 Qxg4 21. hxg4
d3 22. Bd1 Ne4 23. Be3 Nc3 24. Rb3 a4 25. Ra3 cxb6 26. Bd2 Nxd1 27. Rxd1 Rfc8
0-1